000 04761nam a22003137i 4500
001 TCPA 91
003 gtcocun
005 20250816230352.0
006 a||||gr|||| 00| 0
008 250816b2021 gt ||||| m||| 00| 0 eng d
040 _agtcocun
_bSPA
_cgtcocun
_eRDA
041 _aSPA
084 _0TCPA 91
100 _aChinchilla Choc, Mandy Alejandra
_eAutor
245 _aInforme final del Ejercicio Profesional Supervisado, realizado en la Direccion Departamental de Educación de Alta Verapaz/
_cMandy Alejandra Chinchilla Choc
_hImpreso
264 _aCobán, Alta Verapaz:
_bUniversidad de San Carlos de Guatemala, Centro Universitario del Norte, Licenciatura en Contaduría Pública y Auditoría.
_c2021
300 _a67 p.:
_bIlustraciones, gráficas.
_c28 cm; PDF
336 _2rdacontenido
_aTexto
_btxt
337 _2rdamedio
_aComputadora
_bn
338 _2rdasoporte
_aCódigo en línea
_bcr
502 _e.
502 _aTesis de grado
_bLicenciatura en Contaduría Pública y Auditoría.
_cUniversidad de San Carlos de Guatemala, Centro Universitario del Norte, Licenciatura en Contaduría Pública y Auditoría.
_d2021
_oTCPA 91
520 1 4 _aEl Ejercicio Profesional Supervisado (EPS) de la carrera de Contaduría Pública y Auditoría, permite al estudiante desarrollar procesos técnicos y profesionales, los cuales son implementados en el campo financiero, considerándolo como un servicio social. Los conocimientos adquiridos durante el período de tiempo que conlleva la carrera, fueron implementados y desarrollados en la Dirección Departamental de Educación de Alta Verapaz, en el Departamento Financiero, área de inventarios y coordinaciones técnicas administrativas, con el propósito determinar el grado de cumplimiento con las políticas y procedimientos establecidos por la institución. La primera fase desarrollada en el Ejercicio Profesional Supervisado fue la realización de un diagnóstico institucional, en donde se tuvo acercamiento a la unidad de práctica, con la finalidad de recabar información oportuna y relevante de la ubicación, recursos materiales y humanos, políticas y procedimientos establecidos, y realizar un análisis exhaustivo en cuanto a la situación en la que se encuentra, tomando en consideración las mejoras realizadas y las falencias en las que incurre, recopilada la información obteniendo evidencia suficiente y adecuada se analiza la información para posteriormente describir de manera profesional las situaciones relevantes. En el proceso de diagnóstico se determinaron las siguientes falencias: existencia y registro de activos fijos inservibles y obsoletos en el libro de inventarios de la Dirección Departamental de Educación de Alta Verapaz. Incumplimiento en traslado de bienes realizados por Instituciones Públicas en calidad de donaciones a la Dirección Departamental de Educación, en beneficio a la comunidad educativa del departamento de Alta Verapaz. Entrega incompleta de los documentos formales que integran el expediente para la asignación de subsidios a los Institutos por Cooperativa de Enseñanza de Alta Verapaz. Posteriormente a la fase de diagnóstico, se hizo uso de un plan de trabajo que permitió ordenar y sistematizar la información relevante, esto con el fin de simplificar las actividades necesarias y concretar las acciones a realizar en el Ejercicio Profesional Supervisado. Una vez concretas las acciones, se hizo uso de técnicas y procedimientos de auditoría que permitieron la aplicación de métodos prácticos y pruebas de cumplimiento, para evidenciar la razonabilidad de la información obtenida durante el proceso de diagnóstico, dichas pruebas permitieron emitir una opinión profesional a través de la realización de: toma física o administración del inventario de la Dirección Departamental de Educación de Alta Verapaz tomando como base el instructivo institucional administración del inventario, traslado e incorporación de bienes al Sistema de Contabilidad Integrada -SICOIN WEB-, práctica de una auditoría de gestión dirigida a Institutos de Enseñanza por Cooperativa. Como última fase se presentan los resultados obtenidos en la ejecución del Ejercicio Profesional Supervisado concluidas las actividades propuestas se determinó el grado de beneficio, cambio y mejora de las deficiencias encontradas.
650 _2LEMB
_aAlta Verapaz
_xauditoría
_xfideicomiso
_xconvenio
_xsubsidio
_xcaja fiscal
_xinventario
700 _aLic. Mario Fernando Barrios Figueróa
_eAsesor
856 _uhttps://drive.google.com/file/d/1AazgmYNx73yqNOSJTkIBS2ezqs0bjDuk/view?usp=sharing
_yPDF
_zUn ejemplar en línea.
942 _2ddc
_cTES
_iTCPA_91
_kClasificación
_nno
_6TCPA__91
999 _c1148
_d1148